00569nam a2200205 a 4500001001300000003000900013005001700022008004100039020001000080082002100090100002100111245005600132260003300188300000900221500003500230505003200265650002500297650002000322700002100342nice12345678IN_TiNIC20260116011913.0050524s1976 dela grp 000 0 eng  ac10000a305.6297054bMIL aMiller, Roland E aMappila Muslims of Keralab Study in Islamic Trends aDelhibOrient Longmansc1976 a350p aincludes index and biblioraphy2 afour volumes bound together aMuslims-India-Kerala aMapilla Muslims1 aMiller, Roland E